Luftbildarchäologie in der Slowakei
| Titel: | Luftbildarchäologie in der Slowakei |
|---|---|
| Verfasser: | |
| In: |
Luftbildarchäologie in Ost- und Mitteleuropa, (1995), Seite 251-258, 18 Abb. alle Artikel anzeigen |
| Veröffentlicht: | 1995 |
| Format: | Aufsatz |
| Sprache: | Deutsch |
X
alg: 39157445 001A $01999:11-11-16 001B $01999:29-03-21 $t21:45:22.000 001D $01999:11-11-16 001U $0utf8 001X $00 002@ $0Aox 003@ $0391574450 007A $0391574450 $aHEB 007T $0Herd07151 010@ $ager 011@ $a1995 021A $aLuftbildarchäologie in der Slowakei 028A $aKuzma $dIvan 031A $h251-258, 18 Abb. $j1995 039B $aIn $8--Aau--. Luftbildarchäologie in Ost- und Mitteleuropa. - Potsdam : Brandenburgisches Landesmuseum für Ur- und Frühgeschichte, 1995. - 319 S.. - Ill., graph. Darst.. - ISBN 3-910011-08-X $x199500000000000749 $9047794887 045F $a930.1094373 $eDDC23BSB 045F/01 $a930.1 045F/03 $g4373 lok: 39157445 78 exp: 39157445 78 1 #EPN 201B/01 $003-04-17 $t17:58:03.000 201U/01 $0utf8 203@/01 $0787668702 208@/01 $a11-11-16 $be 209A/01 $a/ $f000 $x00 220C/01 $aTitelaufnehmer: rk 244Z/01 $2Trx $#Slowakische Republik $#Szlovák Köztársaság $#Republika Słowacka $#Slovenská Republika $#Slovensko $#Slowakei $#Słowacja $#Slovensko $8--Trx--Slovenská Republika $x01 $9391345796 244Z/01 $2Trx $#arheoloogia aerofoto $#archeologija oro fotografija $#archaeology aerial pictures $#régészet müholdkép $#archeologia, zdjęcia lotnicze $#archeológia letecká $#archeologie letecká $#Luftbildarchäologie $8--Trx--Archäologie$gLuftbild $x02 $9391375296 244Z/01 $2Trx $8--Trx--Einzelbeiträge $x03 $9391384570 245Z/01 $a05.01 $x01 247C/01 $82080>Marburg/Lahn, Herder-Institut, Forschungsbibliothek, Bibliographieportal $9336309341
| LEADER | 00000caa a22000002c 4500 | ||
|---|---|---|---|
| 001 | 391574450 | ||
| 003 | DE-603 | ||
| 005 | 20210329214522.0 | ||
| 007 | tu | ||
| 008 | 161111s1995 xx |||| | u00||u|ger c | ||
| 035 | |a (DE-599)HEB391574450 | ||
| 040 | |a DE-603 |b ger |c DE-603 |d DE-603 | ||
| 041 | |a ger | ||
| 082 | 0 | 4 | |8 1\u |a 930.1094373 |q DE-101 |2 23/BSB |
| 085 | |8 1\u |b 930.1 | ||
| 085 | |8 1\u |z 2 |s 4373 | ||
| 100 | 1 | |a Kuzma, Ivan | |
| 245 | 0 | 0 | |a Luftbildarchäologie in der Slowakei |
| 264 | 0 | |c 1995 | |
| 773 | 0 | 8 | |i In |t Luftbildarchäologie in Ost- und Mitteleuropa |d Potsdam : Brandenburgisches Landesmuseum für Ur- und Frühgeschichte, 1995 |h 319 S., Ill., graph. Darst. |z 391001108X |g (1995), Seite 251-258, 18 Abb. |w (DE-603)047794887 |
| 924 | 0 | |9 2080 |a (DE-603)787668702 |b DE-2080 |c HES |d d |g / | |


